حماية الحياة على الأرض : (رقم التسجيلة. 53172)

تفاصيل مارك
000 -LEADER
fixed length control field 00644nam a22002057a 4500
005 - DATE AND TIME OF LATEST TRANSACTION
control field 20251108170949.0
008 - FIXED-LENGTH DATA ELEMENTS--GENERAL INFORMATION
fixed length control field 250721s1992 xx 000 0 ara d
082 14 - DEWEY DECIMAL CLASSIFICATION NUMBER
Classification number 551.51/شى
100 1# - MAIN ENTRY--PERSONAL NAME
Personal name شى، سينثيا بوبوك
245 10 - TITLE STATEMENT
Title حماية الحياة على الأرض :
Remainder of title خطوات لإنقاد طبقة الأوززن /
264 1# - PRODUCTION, PUBLICATION, DISTRIBUTION, MANUFACTURE, AND COPYRIGHT NOTICE
Place of production, publication, distribution, manufacture القاهرة :
Name of producer, publisher, distributor, manufacturer دار الدولية للنشر،
Date of production, publication, distribution, manufacture, or copyright notice 1992.
300 ## - PHYSICAL DESCRIPTION
Extent 69ص
650 17 - SUBJECT ADDED ENTRY--TOPICAL TERM
Topical term or geographic name as entry element الأوزون
650 17 - SUBJECT ADDED ENTRY--TOPICAL TERM
Topical term or geographic name as entry element البيئة
650 17 - SUBJECT ADDED ENTRY--TOPICAL TERM
Topical term or geographic name as entry element الأرض
650 17 - SUBJECT ADDED ENTRY--TOPICAL TERM
Topical term or geographic name as entry element التلوث
700 1# - ADDED ENTRY--PERSONAL NAME
Personal name عبد الواحد، أنور
Relator term ترجمة
942 ## - ADDED ENTRY ELEMENTS (KOHA)
Source of classification or shelving scheme Dewey Decimal Classification
Koha item type كتب
المقتنيات
حالة السحب حالة الفقدان مصدر التصنيف حالة التلف غير قابل للإعارة المكتبة الرئيسية المكتبة الحالية موقع الرف تاريخ التزويد الرقم المتسلسل Total Checkouts رقم الإستدعاء تاريخ آخر ظهور تاريخ الفاتورة نوع المادة (كوها)
    Dewey Decimal Classification Unchecked   مكتبة الأميرة ايمان العامة مكتبة الأميرة ايمان العامة الإعارة 06/07/2004 5616   551.51/شى 28/07/2025 06/07/2004 كتب
Implemented & Customized by: BBB with SCIT (Smart Chains for Information Technology)

Powered by Koha